Pays les plus peuplés en 1900 - Statistiques

Statistiques générales
  • Ce quiz a été pris 6 811 fois
  • Le résultat moyen est 17 sur 22
Statistiques - réponses
Population Pays ou Empire % Correct
415 m Chine
99%
78.9 m Empire Français
99%
89.6 m Etats-Unis
98%
137 m Russie
97%
384 m Empire Britannique
95%
18.7 m Espagne
95%
67.1 m Allemagne
94%
17.0 m Brésil
91%
42.0 m Japon
90%
32.0 m Italie
89%
12.1 m Mexique
86%
30.9 m Empire Ottoman
83%
12.5 m Empire Portugais
83%
51.4 m Autriche-Hongrie
73%
6.1 m Empire Belge
70%
51.3 m Empire Néerlandais
70%
7.0 m Perse
61%
12.0 m Corée
53%
7.2 m Siam
46%
12.2 m Abyssinie
45%
6.6 m Roumanie
34%
8.1 m Maroc
30%
Aucun quiz correspondant
Distribution des résultats
% des personnes avec chaque résultat
Percentile par nombre de réponses
Votre historique - résultats
Vous n’avez pas pris ce quiz